| 000 | 00785nam a2200181Ia 4500 | ||
|---|---|---|---|
| 008 | 151202s9999||||xx |||||||||||||| ||und|| | ||
| 082 | _bPNVM-46208 | ||
| 100 | _aकुलकर्णी मंगला. | ||
| 245 | _aपूर्वरंगी रंगूया कीर्तनी आनंदू या. | ||
| 260 | _bविष्णु लक्ष्मण कुलकर्णी. | ||
| 260 | _c2003 | ||
| 300 | _a112 | ||
| 600 | _aकुलकर्णी मंगला. | ||
| 630 | _aपूर्वरंगी रंगूया कीर्तनी आनंदू या. | ||
| 700 | _aकुलकर्णी मंगला. | ||
| 730 | _aपूर्वरंगी रंगूया कीर्तनी आनंदू या. | ||
| 942 | _cBOOK | ||
| 999 |
_c1312158 _d1312155 |
||